000 00322nam a2200133 i 4500
001 bg
100 1 _aŁUKOSZKOW, A. W.
245 0 _aTechnika issledowanija morskogo dna /
_cA.W. Łukoszkow.
260 _aLeningrad,
_c1984.
040 _cBPK
041 _apol
942 _cKS
008 s pl f |000 0 pol
999 _c28029
_d28029
856 _uhttp://koha.tu.koszalin.pl/cgi-bin/koha/opac-detail.pl?biblionumber=28029
_yKatalog online BPK